Jīvana sandarśanaya. (Record no. 88331)

MARC details
000 -LEADER
fixed length control field 00644cam a22002531 4500
001 - CONTROL NUMBER
control field sa 68018329
003 - CONTROL NUMBER IDENTIFIER
control field DLC
005 - DATE AND TIME OF LATEST TRANSACTION
control field 20260227112710.0
008 - FIXED-LENGTH DATA ELEMENTS--GENERAL INFORMATION
fixed length control field 940602s1966 ce a b 000 0 sino
010 ## - LIBRARY OF CONGRESS CONTROL NUMBER
LC control number sa 68018329
025 ## - OVERSEAS ACQUISITION NUMBER
Overseas acquisition number PL480:C-510
035 ## - SYSTEM CONTROL NUMBER
System control number (OCoLC)30538366
040 ## - CATALOGING SOURCE
Original cataloging agency DLC
Transcribing agency CU
Modifying agency CU
-- DLC
042 ## - AUTHENTICATION CODE
Authentication code premarc
050 00 - LIBRARY OF CONGRESS CALL NUMBER
Classification number QH309
Item number .D63
100 1# - MAIN ENTRY--PERSONAL NAME
Personal name Dodampegama, Benedict.
245 10 - TITLE STATEMENT
Title Jīvana sandarśanaya.
260 ## - PUBLICATION, DISTRIBUTION, ETC.
Date of publication, distribution, etc. [1966]
300 ## - PHYSICAL DESCRIPTION
Extent viii, [i], 106 p.
Other physical details ill.
Dimensions 19 cm.
500 ## - GENERAL NOTE
General note In Sinhalese.
500 ## - GENERAL NOTE
General note Previously published in Silumina.
504 ## - BIBLIOGRAPHY, ETC. NOTE
Bibliography, etc. note Bibliography: p. [ix]
650 #0 - SUBJECT ADDED ENTRY--TOPICAL TERM
Topical term or geographic name entry element Biology.

No items available.

Powered by Koha